Пятая воздушная: Военно-исторический очерк боевого пути 5-й Воздушной армии в годы Великой Отечественной войны

Bibliografiske detaljer
Hovedforfatter: Давтян С. М. Сурен Михайлович
Sprog:russisk
Udgivet: Москва, Воениздат, 1990
Fag:
Format: Bog
KOHA link:https://koha.lib.tpu.ru/cgi-bin/koha/opac-detail.pl?biblionumber=169094

MARC

LEADER 00000nam0a2200000 4500
001 169094
005 20231031163312.0
010 |a 5203002355 
020 |a RU  |b 90-18511 
035 |a (RuTPU)RU\TPU\book\183430 
090 |a 169094 
100 |a 20091106d1990 m y0rusy5003 ca 
101 0 |a rus 
102 |a RU 
105 |a a z 000zy 
200 1 |a Пятая воздушная  |e Военно-исторический очерк боевого пути 5-й Воздушной армии в годы Великой Отечественной войны  |f С. М. Давтян 
210 |a Москва  |c Воениздат  |d 1990 
215 |a 254,[2] с., [8] л. ил.  |d 21 см 
601 0 2 |a Воздушная армия (5)  |d (5) 
610 1 |a авиация 
610 1 |a летчики 
610 1 |a военная история 
610 1 |a история 
610 1 |a Великая Отечественная война 1941-1945 
686 |a Т3(2)722  |2 rubbk 
700 1 |a Давтян  |b С. М.  |g Сурен Михайлович  |4 070 
801 0 |a RU  |b RuMRKP  |c 19960705  |g psbo 
801 1 |a RU  |b 63413507  |c 20091106 
801 2 |a RU  |b 63413507  |c 20140303  |g RCR 
942 |c BK